Loading...
| Fine Arts - Painting and Sculpture | 0 | 6 | 1 | 3 | 55 | 77 | 116.83 | 3 | 6 | 0.00 | 0.00 |
| Other Academic | 1 | 1 | 0 | 0 | 25 | 73 | 89.00 | 1 | 2 | 0.00 | 0.00 |
| Literature - Long Fiction | 1 | 1 | 1 | 0 | 20 | 62 | 94.00 | 2 | 2 | 0.00 | 0.00 |
| Fine Arts - Other | 0 | 2 | 0 | 1 | 20 | 102 | 126.00 | 1 | 2 | 0.00 | 0.00 |
| Literature - Poetry | 0 | 2 | 0 | 0 | 20 | 117 | 121.50 | 1 | 2 | 0.00 | 0.00 |
| Fine Arts - Classical Music | 0 | 1 | 0 | 0 | 10 | 95 | 95.00 | 0 | 1 | 0.00 | 0.00 |
| Social Science | 0 | 1 | 1 | 0 | 5 | 111 | 111.00 | 0 | 1 | 0.00 | 0.00 |
| History - American | 0 | 0 | 0 | 0 | 0 | 0.00 | 0 | 0 | 0.00 | 0.00 | |
| Geography | 0 | 0 | 0 | 0 | 0 | 0.00 | 0 | 0 | 0.00 | 0.00 | |
| Literature - Short Fiction | 0 | 0 | 1 | 0 | -5 | 0.00 | 0 | 0 | 0.00 | 0.00 |